Wende der Weltwirtschaft

Saved in:
Bibliographic Details
Format: Book
Language:German
Published: Leipzig Wilhelm Goldman 1939
Tags: Add Tag
No Tags, Be the first to tag this record!

MARC

LEADER 00000nam a2200000 4500
001 0268653
005 20240822101712.4
041 0 |a ger 
044 |a DE 
245 1 0 |a Wende der Weltwirtschaft  |c Ferdinand Fried 
264 1 |a Leipzig  |b Wilhelm Goldman  |c 1939